| 000 | 00467nam a2200193Ia 4500 | ||
|---|---|---|---|
| 005 | 20240823015823.0 | ||
| 008 | 240823s9999||||xx |||||||||||||| ||und|| | ||
| 020 | _a81 7371 388 X | ||
| 041 | _aENGLISH | ||
| 082 | _A621.4021 P1 | ||
| 100 | _aRao Y V C | ||
| 245 | 0 | _aThermodynamics | |
| 250 | _a1st | ||
| 260 |
_c2001 _b"University Press,Hyde" |
||
| 500 | _aTRANSFERED | ||
| 650 |
_aThermodynamics _bAeronautical Engineering |
||
| 942 | _cBK | ||
| 999 |
_c173319 _d173319 |
||